LEADER 01078nam a2200277 i 4500 001 991001337619707536 005 20020507191626.0 008 941006s1983 it ||| | ita 035 $ab1083350x-39ule_inst 035 $aLE01310716$9ExL 040 $aDip.to Matematica$beng 082 0 $a515 084 $aAMS 00B25 110 2 $aUniversità degli Studi :$bIstituto matematico$0536775 245 10$aSeminario di analisi matematica :$banno accademico 1981/82 /$cIstituto matematico dell'Università di Bologna ; coord. Bruno Pini 260 $aBologna :$bCentro stampa "Lo Scarabeo",$c1983 300 $ap. ;$c24 cm. 650 4$aMathematical analysis$xCongresses 650 4$aProceedings of conferences 700 1 $aPini, Bruno 907 $a.b1083350x$b02-04-14$c28-06-02 912 $a991001337619707536 945 $aLE013 00B PIN11 (1983)$g1$i2013000129730$lle013$o-$pE0.00$q-$rl$s- $t0$u0$v0$w0$x0$y.i10942774$z28-06-02 996 $aSeminario di analisi matematica$9923484 997 $aUNISALENTO 998 $ale013$b01-01-94$cm$da $e-$fita$git $h0$i1